Vande Mataram, the Biography of Song (Record no. 13457)

MARC details
000 -LEADER
fixed length control field 00646nam a2200241 a 4500
020 ## - INTERNATIONAL STANDARD BOOK NUMBER
ISBN 0140558
082 00 - DEWEY DECIMAL CLASSIFICATION NUMBER
Classification number 320.54
Author Cutter BHA
100 ## - MAIN ENTRY--AUTHOR NAME
Author name Bhattacharya, Sabyasachi
245 ## - TITLE STATEMENT
Title Vande Mataram, the Biography of Song
260 ## - PUBLICATION, DISTRIBUTION, ETC. (IMPRINT)
Place of publication New Delhi
Name of publisher Penguin Books
Year of publication 2003
300 ## - PHYSICAL DESCRIPTION
Number of Pages 136p
500 ## - GENERAL NOTE
General note includes index and biblioraphy
505 2# - FORMATTED CONTENTS NOTE
Formatted contents note Index, Quranic Verses
650 ## - SUBJECT ADDED ENTRY--TOPICAL TERM
Topical Term Nationalism-Political Ideology
942 ## - ADDED ENTRY ELEMENTS (KOHA)
Koha item type Books
700 1# -
-- Bhattacharya, Sabyasachi
Holdings
Collection code Home library Current library Date acquired Cost, normal purchase price Full call number Accession Number Koha item type
  Henry Martyn Institute Library Henry Martyn Institute Library 04/05/2007 150.00 320.54 BHA 020569 Books
                   Copyright © 2026 | Henry Martyn Institute | Hyderabad | TS-500052 | INDIA | Implemented by hmi.edu.in
Hit-Count:

Powered by Koha